Pla d'usos del Centre Cívic i Cultural Polivalent El Local de Sant Pere de Ribes
Publicado:
Barcelona :
Diputació de Barcelona. Àrea de Cultura. Centre d'Estudis i Recursos Culturals (CERC) ,
2010
Descripción Física:
130 p. : il. col. , gràfics, quadres, taules ; 29 cm
Materias:
Centres cívics – Sant Pere de Ribes
MARC
| LEADER | 00000nam a2200000Ia 4500 | ||
|---|---|---|---|
| 001 | 23799 | ||
| 008 | 160829s2010 xx 000 0 cat d | ||
| 080 | |a Bib-46 | ||
| 245 | |a Pla d'usos del Centre Cívic i Cultural Polivalent El Local de Sant Pere de Ribes | ||
| 260 | |a Barcelona : |b Diputació de Barcelona. Àrea de Cultura. Centre d'Estudis i Recursos Culturals (CERC), |c 2010 | ||
| 300 | |a 130 p. : |b il. col. , gràfics, quadres, taules ; |c 29 cm | ||
| 650 | |a Centres cívics – Sant Pere de Ribes |9 50265 | ||
| 710 | 1 | |a Barcelona (Catalunya : Província). |b Centre d'Estudis i Recursos Culturals |9 52487 | |
| 710 | 1 | |a Sant Pere de Ribes (Catalunya). |b Ajuntament |9 54446 | |
| 901 | |a Arxiu | ||
| 942 | |n 1 | ||
| 952 | |0 0 |1 0 |4 0 |6 BIB46 |7 1 |9 55917 |a Arxiu |b Arxiu |d 2016-12-01 |l 0 |o Bib-46 |p 23799 |r 2016-12-01 00:00:00 |w 2016-12-01 |y ARXIU | ||
| 999 | |c 59790 |d 59790 | ||